[Event "DVM U12 2020"]
[Site "Magdeburg GER"]
[Date "2021.08.06"]
[Round "3"]
[White "Alkayas, Mohammad"]
[Black "Tran, Anh Duc Kevin"]
[Result "0-1"]
[Termination "normal"]
[Board "6.3"]
[WhiteElo "1170"]
[BlackElo "1338"]
[WhiteClock "00:21:26"]
[BlackClock "00:05:33"]
[WhiteTeam "SK Marburg 1931/72"]
[BlackTeam "USV Erfurt"]
[PlyCount "98"]
[WhiteFideId "34608400"]
[BlackFideId "34608125"]
[EventCountry "GER"]
[EventRounds "7"]
[EventType "team-swiss"]
[EventDate "2021.08.04"]

1. e4 {[%clk 01:30:58]} e5 {[%clk 01:30:44]} 2. Nf3 {[%clk 01:31:22]} Nc6
{[%clk 01:31:06]} 3. Bc4 {[%clk 01:31:44]} Bc5 {[%clk 01:31:25]} 4. c3 {[%clk
01:32:06]} Nf6 {[%clk 01:29:28]} 5. d4 {[%clk 01:32:22]} exd4 {[%clk 01:27:03]}
6. O-O {[%clk 01:32:38]} dxc3 {[%clk 01:22:41]} 7. e5 {[%clk 01:32:40]} d5
{[%clk 01:10:21]} {[%emt 00:06:15]} 8. exf6 {[%clk 01:32:52]} {[%emt 00:08:43]}
Qxf6 {[%clk 01:03:27]} 9. Bg5 {[%clk 01:32:19]} Qd6 {[%clk 00:57:04]} {[%emt
00:08:33]} 10. Qxd5 {[%clk 01:32:24]} Qxd5 {[%clk 00:55:08]} {[%emt 01:26:19]}
11. Re1+ {[%clk 01:26:11]} Kf8 {[%clk 00:48:57]} 12. Bxd5 {[%clk 01:24:55]}
cxb2 {[%clk 00:47:43]} 13. Nc3 bxa1=Q 14. Rxa1 Bg4 {[%clk 00:41:57]} 15. Re1
{[%clk 01:22:02]} Re8 {[%clk 00:38:42]} 16. Rxe8+ {[%emt 00:06:16]} Kxe8 {[%clk
00:38:23]} 17. Nb5 {[%clk 01:11:54]} Bxf3 {[%clk 00:37:40]} 18. gxf3 {[%clk
01:12:07]} Kd7 {[%clk 00:35:59]} 19. Bxf7 {[%clk 01:11:52]} Nd4 {[%clk
00:34:36]} 20. Nxd4 {[%clk 01:11:43]} Bxd4 {[%clk 00:34:46]} 21. Kf1 {[%clk
01:11:21]} Rf8 {[%clk 00:31:24]} {[%emt 00:00:04]} 22. Bd5 {[%clk 01:11:30]} c6
{[%clk 00:31:04]} 23. Be4 {[%clk 01:11:42]} h6 {[%clk 00:30:32]} 24. Bd2 {[%clk
01:09:03]} b5 {[%clk 00:29:27]} 25. Ke2 {[%clk 01:09:25]} Kd6 {[%clk 00:28:52]}
26. Kd3 {[%clk 01:03:15]} c5 {[%clk 00:23:47]} 27. h3 {[%clk 01:02:53]} Rd8
{[%clk 00:19:17]} 28. Ba5 {[%clk 00:59:52]} Rh8 {[%clk 00:16:23]} 29. f4 {[%clk
00:52:45]} {[%emt 00:04:37]} Bxf2 {[%clk 00:14:07]} {[%emt 00:02:42]} 30. Bc3
{[%clk 00:51:45]} {[%emt 00:01:22]} Bd4 {[%clk 00:11:54]} {[%emt 00:02:44]} 31.
Bxd4 {[%clk 00:51:57]} {[%emt 00:00:40]} cxd4 {[%clk 00:12:13]} 32. Kxd4 {[%clk
00:52:20]} Rc8 {[%clk 00:12:10]} {[%emt 00:00:49]} 33. Bd3 {[%clk 00:49:29]}
{[%emt 00:03:04]} a6 {[%clk 00:11:40]} {[%emt 00:00:59]} 34. a3 {[%clk
00:48:17]} {[%emt 00:03:26]} Rc5 {[%clk 00:10:31]} 35. f5 {[%emt 00:06:34]} a5
{[%clk 00:09:06]} {[%emt 00:00:12]} 36. h4 {[%clk 00:36:43]} {[%emt 00:07:35]}
b4 {[%clk 00:08:44]} {[%emt 00:00:55]} 37. axb4 {[%clk 00:37:03]} {[%emt
00:00:15]} axb4 {[%clk 00:08:54]} {[%emt 00:00:13]} 38. Bc4 {[%clk 00:32:09]}
{[%emt 00:09:50]} Rxf5 {[%clk 00:08:04]} 39. Ke3 {[%clk 00:32:11]} Ke5 {[%clk
00:07:54]} 40. Bd3 {[%clk 00:30:51]} Rf4 {[%clk 00:07:56]} {[%emt 00:00:24]}
41. h5 {[%clk 00:30:52]} {[%emt 00:00:34]} b3 {[%clk 00:08:13]} {[%emt
00:00:22]} 42. Kd2 {[%clk 00:26:16]} {[%emt 00:04:46]} Kd4 {[%emt 00:01:38]}
43. Ba6 {[%clk 00:23:55]} {[%emt 00:02:42]} Rf2+ {[%clk 00:07:06]} {[%emt
00:00:54]} 44. Kc1 {[%clk 00:21:41]} {[%emt 00:02:39]} b2+ {[%clk 00:06:14]}
{[%emt 00:01:10]} 45. Kb1 {[%clk 00:22:04]} {[%emt 00:03:49]} Kc3 {[%clk
00:06:16]} 46. Bb5 {[%clk 00:22:15]} Rd2 {[%clk 00:06:03]} 47. Ba4 {[%clk
00:22:28]} Rg2 {[%clk 00:06:08]} 48. Ka2 {[%clk 00:21:30]} Rg1 {[%clk
00:05:48]} {[%emt 00:01:00]} 49. Bc2 {[%clk 00:21:26]} {[%emt 00:12:32]} Ra1#
{[%clk 00:05:33]} 0-1

[Event "DVM U12 2020"]
[Site "Magdeburg GER"]
[Date "2021.08.06"]
[Round "3"]
[White "Heilmann, Ramon"]
[Black "Baumgart, Jost"]
[Result "1/2-1/2"]
[Termination "normal"]
[Board "6.4"]
[WhiteElo "996"]
[BlackElo "1017"]
[WhiteClock "01:24:11"]
[BlackClock "01:28:45"]
[WhiteTeam "USV Erfurt"]
[BlackTeam "SK Marburg 1931/72"]
[PlyCount "42"]
[WhiteFideId "34608303"]
[BlackFideId "34608397"]
[EventCountry "GER"]
[EventRounds "7"]
[EventType "team-swiss"]
[EventDate "2021.08.04"]

1. e4 {[%clk 01:30:51]} {[%emt 00:00:09]} e5 {[%clk 01:30:57]} {[%emt
00:00:07]} 2. Nf3 {[%clk 01:31:02]} {[%emt 00:00:16]} Nc6 {[%clk 01:31:13]}
{[%emt 00:00:13]} 3. Bc4 {[%clk 01:31:21]} {[%emt 00:00:11]} Nf6 {[%clk
01:31:38]} {[%emt 00:00:05]} 4. Nc3 {[%clk 01:31:30]} {[%emt 00:00:21]} Bb4
{[%clk 01:31:52]} {[%emt 00:00:23]} 5. a3 {[%clk 01:31:40]} {[%emt 00:00:14]}
Bxc3 {[%clk 01:31:45]} {[%emt 00:00:37]} 6. dxc3 {[%clk 01:30:51]} {[%emt
00:04:29]} d6 {[%clk 01:31:56]} 7. h3 {[%clk 01:30:47]} Be6 {[%clk 01:31:26]}
8. Bd5 {[%clk 01:30:52]} Qd7 {[%clk 01:31:28]} 9. Ng5 {[%clk 01:31:08]} O-O-O
{[%clk 01:31:39]} {[%emt 00:08:45]} 10. c4 {[%clk 01:30:47]} Na5 {[%clk
01:31:43]} 11. b3 {[%clk 01:30:05]} c6 {[%clk 01:30:38]} 12. Bxe6 {[%clk
01:29:14]} fxe6 {[%clk 01:30:47]} {[%emt 00:00:05]} 13. O-O {[%clk 01:29:22]}
d5 {[%clk 01:29:32]} 14. Qd2 {[%clk 01:29:40]} b6 {[%clk 01:29:37]} 15. Rd1
{[%clk 01:26:51]} {[%emt 00:26:21]} h6 {[%clk 01:29:14]} 16. Nf3 {[%clk
01:24:30]} Nxe4 {[%clk 01:29:03]} 17. Nxe5 {[%clk 01:24:43]} {[%emt 00:00:04]}
Nxd2 {[%clk 01:28:55]} 18. Nxd7 Rxd7 19. Bxd2 {[%clk 01:24:05]} dxc4 {[%clk
01:29:14]} 20. Bxa5 {[%clk 01:24:25]} bxa5 {[%clk 01:28:45]} {[%emt 00:00:04]}
21. Rxd7 {[%clk 01:24:11]} Kxd7 1/2-1/2

[Event "DVM U12 2020"]
[Site "Magdeburg GER"]
[Date "2021.08.06"]
[Round "3"]
[White "Mombauer, Felix"]
[Black "Neumeier, Konstantin"]
[Result "1/2-1/2"]
[Termination "normal"]
[Board "7.2"]
[WhiteElo "1177"]
[BlackElo "1097"]
[WhiteClock "01:34:01"]
[BlackClock "01:07:23"]
[WhiteTeam "Tischtennisclub Grün-Weiß Fritzdorf 1958 e. V."]
[BlackTeam "SK Kelheim 1920"]
[PlyCount "97"]
[WhiteFideId "34608249"]
[BlackFideId "34608230"]
[EventCountry "GER"]
[EventRounds "7"]
[EventType "team-swiss"]
[EventDate "2021.08.04"]

1. d4 {[%clk 01:30:58]} {[%emt 00:00:26]} d5 {[%clk 01:30:52]} 2. c4 {[%clk
01:31:01]} e6 {[%clk 01:30:33]} 3. Nc3 {[%clk 01:31:22]} Nf6 {[%clk 01:29:46]}
4. e3 {[%clk 01:31:39]} Nc6 {[%clk 01:28:30]} 5. Nf3 {[%clk 01:32:03]} Bb4
{[%clk 01:26:00]} 6. Bd2 {[%clk 01:32:20]} O-O {[%clk 01:25:31]} 7. cxd5 {[%clk
01:32:39]} exd5 {[%clk 01:25:38]} {[%emt 00:04:37]} 8. Bd3 {[%clk 01:32:55]}
Re8 {[%clk 01:25:22]} 9. Qc2 {[%clk 01:33:17]} g6 {[%clk 01:24:27]} 10. O-O-O
{[%clk 01:33:20]} Bg4 {[%clk 01:23:44]} {[%emt 00:05:54]} 11. Rhe1 {[%clk
01:33:40]} Ne4 {[%clk 01:21:27]} 12. h3 {[%clk 01:33:31]} Bd7 {[%clk 01:20:17]}
13. Bxe4 {[%clk 01:33:33]} dxe4 {[%clk 01:20:30]} {[%emt 00:00:05]} 14. Nxe4
{[%clk 01:33:47]} {[%emt 00:00:06]} Bf5 {[%clk 01:20:12]} {[%emt 00:00:44]} 15.
Nfg5 {[%clk 01:33:45]} {[%emt 00:00:36]} h6 {[%clk 01:20:09]} {[%emt 00:00:33]}
16. Nxf7 {[%clk 01:33:33]} {[%emt 00:00:41]} Kxf7 {[%clk 01:19:48]} {[%emt
00:23:09]} 17. Qc4+ {[%clk 01:33:45]} Kg7 {[%clk 01:19:50]} 18. Bxb4 {[%clk
01:33:54]} Nxb4 {[%clk 01:20:03]} 19. Qxb4 {[%clk 01:34:12]} Bxe4 {[%clk
01:20:19]} 20. f3 {[%clk 01:34:25]} Bc6 {[%clk 01:20:07]} {[%emt 00:00:04]} 21.
d5 {[%clk 01:34:39]} Bd7 {[%clk 01:20:22]} 22. e4 {[%clk 01:34:43]} Qg5+ {[%clk
01:20:23]} {[%emt 00:00:05]} 23. Kb1 {[%clk 01:34:42]} Qe5 {[%clk 01:19:37]}
24. Rd4 {[%clk 01:34:35]} b6 {[%clk 01:19:32]} 25. Qc3 {[%clk 01:34:34]} Kh7
{[%clk 01:17:46]} {[%emt 00:00:05]} 26. Red1 {[%clk 01:34:20]} Qg3 {[%clk
01:17:37]} 27. d6 {[%clk 01:34:16]} c5 {[%clk 01:16:54]} 28. R4d2 {[%clk
01:34:17]} Rac8 {[%clk 01:16:19]} {[%emt 00:00:04]} 29. Qf6 {[%clk 01:34:15]}
Rcd8 {[%clk 01:13:46]} 30. Qf7+ {[%clk 01:33:40]} Kh8 {[%clk 01:14:03]} 31.
Qf6+ {[%clk 01:33:30]} Kh7 {[%clk 01:14:22]} {[%emt 00:00:04]} 32. Qf7+ {[%clk
01:33:51]} Kh8 {[%clk 01:13:52]} 33. Qf6+ {[%clk 01:34:12]} Kg8 {[%clk
01:13:39]} 34. Qc3 {[%clk 01:34:04]} {[%emt 00:00:25]} Re6 {[%clk 01:13:52]}
{[%emt 00:08:27]} 35. Qa3 {[%clk 01:34:01]} a5 {[%clk 01:13:43]} 36. Qb3 {[%clk
01:34:11]} b5 {[%clk 01:13:46]} 37. Qd5 {[%clk 01:34:27]} c4 {[%clk 01:12:30]}
{[%emt 00:00:11]} 38. Qb7 {[%clk 01:34:44]} b4 {[%clk 01:11:55]} 39. Qc7 {[%clk
01:34:59]} Qh4 {[%clk 01:11:41]} 40. Qxc4 {[%clk 01:35:03]} Rc8 {[%clk
01:11:49]} {[%emt 00:00:05]} 41. Qa6 {[%clk 01:34:58]} a4 {[%clk 01:10:21]}
{[%emt 00:31:48]} 42. Qb6 {[%clk 01:35:03]} Rc6 {[%clk 01:09:16]} 43. Qxb4
{[%clk 01:34:51]} Qg3 {[%clk 01:09:05]} 44. Re2 {[%clk 01:34:02]} Rcxd6 {[%clk
01:08:25]} 45. Rxd6 {[%clk 01:33:58]} Rxd6 {[%clk 01:08:46]} 46. e5 {[%clk
01:34:06]} {[%emt 00:00:05]} Bf5+ {[%clk 01:08:15]} 47. Kc1 {[%clk 01:34:11]}
Rc6+ {[%clk 01:08:07]} {[%emt 00:00:05]} 48. Kd1 {[%clk 01:34:17]} Qg5 {[%clk
01:07:23]} 49. Rd2 {[%clk 01:34:01]} 1/2-1/2

[Event "DVM U12 2020"]
[Site "Magdeburg GER"]
[Date "2021.08.06"]
[Round "3"]
[White "Neumeier, Valentina"]
[Black "Mende, Lukas"]
[Result "0-1"]
[Termination "normal"]
[Board "7.3"]
[WhiteElo "1189"]
[BlackElo "1044"]
[WhiteClock "00:52:25"]
[BlackClock "01:31:00"]
[WhiteTeam "SK Kelheim 1920"]
[BlackTeam "Tischtennisclub Grün-Weiß Fritzdorf 1958 e. V."]
[PlyCount "54"]
[WhiteFideId "34608222"]
[BlackFideId "34608257"]
[EventCountry "GER"]
[EventRounds "7"]
[EventType "team-swiss"]
[EventDate "2021.08.04"]

1. e4 {[%clk 01:30:58]} {[%emt 00:03:43]} c5 {[%clk 01:30:58]} 2. Nc3 {[%clk
01:31:15]} Nc6 {[%clk 01:31:16]} 3. Nf3 {[%clk 01:31:14]} g6 {[%clk 01:31:39]}
4. Bc4 {[%clk 01:31:09]} {[%emt 00:00:05]} Bg7 {[%clk 01:32:01]} 5. d3 {[%clk
01:31:22]} d6 {[%clk 01:32:17]} 6. h3 {[%clk 01:31:39]} Nf6 {[%clk 01:32:40]}
7. Be3 {[%clk 01:31:00]} O-O {[%clk 01:32:53]} {[%emt 00:00:04]} 8. Qd2 {[%clk
01:31:17]} Bd7 {[%clk 01:33:13]} {[%emt 00:00:05]} 9. Bh6 {[%clk 01:31:37]}
{[%emt 00:00:19]} a6 {[%clk 01:33:32]} {[%emt 00:00:05]} 10. Bxg7 {[%clk
01:31:11]} {[%emt 00:01:01]} Kxg7 {[%clk 01:33:52]} 11. Nd5 {[%clk 01:30:01]}
{[%emt 00:01:54]} b5 {[%clk 01:33:46]} {[%emt 00:00:26]} 12. Bb3 {[%clk
01:30:11]} {[%emt 00:00:38]} e6 {[%clk 01:32:48]} {[%emt 00:02:42]} 13. Ne3
{[%clk 01:29:11]} a5 {[%clk 01:32:03]} {[%emt 00:01:08]} 14. a3 {[%clk
01:28:46]} {[%emt 00:00:56]} Nd4 {[%clk 01:32:16]} {[%emt 00:00:16]} 15. Nxd4
{[%clk 01:26:04]} {[%emt 00:03:13]} cxd4 {[%clk 01:32:36]} {[%emt 00:00:09]}
16. Ng4 {[%clk 01:26:20]} {[%emt 00:00:15]} e5 {[%clk 01:32:17]} {[%emt
00:00:48]} 17. Qh6+ {[%clk 01:25:26]} {[%emt 00:01:25]} Kg8 {[%clk 01:32:13]}
{[%emt 00:00:34]} 18. f4 {[%clk 01:22:22]} {[%emt 00:03:36]} Bxg4 {[%clk
01:31:31]} {[%emt 00:01:10]} 19. hxg4 {[%clk 01:22:24]} {[%emt 00:00:27]} a4
{[%clk 01:31:30]} {[%emt 00:00:37]} 20. Bd5 {[%clk 01:22:15]} {[%emt 00:00:33]}
Rc8 {[%clk 01:31:30]} {[%emt 00:00:51]} 21. g5 {[%clk 01:22:21]} {[%emt
00:00:05]} Nh5 {[%clk 01:31:49]} {[%emt 00:00:08]} 22. g4 {[%clk 01:22:14]}
{[%emt 00:00:37]} Qa5+ {[%clk 01:32:11]} {[%emt 00:02:06]} 23. b4 {[%clk
01:21:41]} {[%emt 00:01:17]} axb3+ {[%clk 01:32:32]} 24. Kd1 {[%clk 00:56:09]}
{[%emt 00:25:48]} bxc2+ {[%clk 01:31:20]} 25. Kc1 {[%clk 00:56:08]} {[%emt
00:00:25]} Qc3 {[%clk 01:31:28]} {[%emt 00:00:22]} 26. Ra2 {[%clk 00:55:59]}
{[%emt 00:00:39]} Qxd3 {[%clk 01:31:06]} {[%emt 00:03:58]} 27. Re1 {[%clk
00:52:25]} {[%emt 00:00:53]} Qg3 {[%clk 01:31:00]} {[%emt 00:00:40]} 0-1

[Event "DVM U12 2020"]
[Site "Magdeburg GER"]
[Date "2021.08.06"]
[Round "3"]
[White "Mende, Alexander"]
[Black "Sitnik, Arthur"]
[Result "0-1"]
[Termination "normal"]
[Board "7.4"]
[WhiteElo "866"]
[BlackElo "1051"]
[WhiteClock "01:19:21"]
[BlackClock "01:08:39"]
[WhiteTeam "Tischtennisclub Grün-Weiß Fritzdorf 1958 e. V."]
[BlackTeam "SK Kelheim 1920"]
[PlyCount "54"]
[WhiteFideId "34608265"]
[BlackFideId "34608150"]
[EventCountry "GER"]
[EventRounds "7"]
[EventType "team-swiss"]
[EventDate "2021.08.04"]

1. e4 {[%clk 01:30:50]} e5 {[%clk 01:30:52]} {[%emt 00:00:10]} 2. Nf3 {[%clk
01:31:16]} {[%emt 00:00:04]} Nc6 {[%clk 01:31:14]} {[%emt 00:00:12]} 3. Bc4
{[%clk 01:31:37]} {[%emt 00:00:04]} Bc5 {[%clk 01:31:38]} {[%emt 00:00:07]} 4.
d3 {[%clk 01:31:56]} {[%emt 00:00:08]} d6 {[%clk 01:31:40]} {[%emt 00:00:28]}
5. Be3 {[%clk 01:32:13]} {[%emt 00:00:12]} Bg4 {[%clk 01:31:26]} {[%emt
00:00:59]} 6. h3 {[%clk 01:32:18]} {[%emt 00:00:12]} Bh5 {[%clk 01:31:39]}
{[%emt 00:00:43]} 7. O-O {[%clk 01:32:16]} {[%emt 00:00:18]} Bd4 {[%clk
01:30:58]} {[%emt 00:00:57]} 8. c3 {[%clk 01:32:20]} {[%emt 00:00:33]} Bb6
{[%clk 01:31:08]} {[%emt 00:00:13]} 9. d4 {[%clk 01:32:10]} {[%emt 00:01:05]}
exd4 {[%clk 01:30:47]} {[%emt 00:00:57]} 10. Bxd4 {[%clk 01:32:26]} {[%emt
00:00:04]} Bxd4 {[%clk 01:30:43]} {[%emt 00:00:13]} 11. cxd4 {[%clk 01:32:43]}
{[%emt 00:00:19]} Qf6 {[%clk 01:29:29]} {[%emt 00:01:46]} 12. Be2 {[%clk
01:32:41]} {[%emt 00:00:24]} Bxf3 {[%clk 01:27:51]} {[%emt 00:02:48]} 13. Bxf3
{[%clk 01:32:32]} Nxd4 {[%clk 01:27:44]} {[%emt 00:00:35]} 14. Bg4 {[%clk
01:32:19]} {[%emt 00:00:45]} Qe5 {[%clk 01:22:40]} {[%emt 00:05:37]} 15. Nc3
{[%clk 01:31:26]} {[%emt 00:01:21]} Nf6 {[%clk 01:20:27]} {[%emt 00:02:42]} 16.
f4 {[%clk 01:29:54]} {[%emt 00:02:20]} Qc5 {[%clk 01:19:58]} {[%emt 00:00:40]}
17. Re1 {[%clk 01:28:42]} {[%emt 00:01:42]} Nf3+ {[%clk 01:18:34]} {[%emt
00:01:53]} 18. Kh1 {[%clk 01:28:19]} {[%emt 00:00:52]} Nxe1 {[%clk 01:18:13]}
{[%emt 00:00:50]} 19. Qxe1 {[%clk 01:28:39]} {[%emt 00:00:17]} Nxg4 {[%clk
01:17:10]} {[%emt 00:01:27]} 20. hxg4 {[%clk 01:29:07]} {[%emt 00:00:13]} g5
{[%clk 01:15:25]} {[%emt 00:02:06]} 21. fxg5 {[%clk 01:28:55]} {[%emt
00:02:14]} h5 {[%clk 01:14:37]} 22. g3 {[%clk 01:28:05]} {[%emt 00:01:04]}
hxg4+ {[%clk 01:14:11]} {[%emt 00:00:56]} 23. Kg2 {[%clk 01:28:34]} O-O-O
{[%clk 01:08:53]} {[%emt 00:05:48]} 24. Nd5 {[%clk 01:28:07]} {[%emt 00:00:58]}
Qc2+ {[%clk 01:08:25]} {[%emt 00:00:58]} 25. Qf2 {[%clk 01:28:02]} {[%emt
00:00:35]} Rh2+ {[%clk 01:08:20]} {[%emt 00:00:41]} 26. Kxh2 {[%clk 01:27:59]}
{[%emt 00:03:21]} Qxf2+ {[%clk 01:08:39]} 27. Kh1 {[%clk 01:19:21]} {[%emt
00:06:25]} Rh8# 0-1

[Event "DVM U12 2020"]
[Site "Magdeburg GER"]
[Date "2021.08.06"]
[Round "3"]
[White "Werner, Florin"]
[Black "Puchas, Henrik"]
[Result "0-1"]
[Termination "normal"]
[Board "8.1"]
[WhiteElo "1533"]
[BlackElo "1539"]
[WhiteClock "00:24:10"]
[BlackClock "00:16:52"]
[WhiteTeam "VSG 1880 Offenbach"]
[BlackTeam "SV Vimbuch"]
[PlyCount "90"]
[WhiteFideId "16250230"]
[BlackFideId "16257995"]
[EventCountry "GER"]
[EventRounds "7"]
[EventType "team-swiss"]
[EventDate "2021.08.04"]

1. e4 {[%clk 01:30:58]} e5 {[%clk 01:30:54]} 2. Nf3 {[%clk 01:31:18]} Nc6
{[%clk 01:31:17]} {[%emt 00:01:33]} 3. Bb5 {[%clk 01:31:43]} a6 {[%clk
01:31:30]} 4. Ba4 {[%clk 01:32:09]} Nf6 {[%clk 01:31:02]} 5. O-O {[%clk
01:32:18]} {[%emt 00:00:13]} Be7 {[%clk 01:31:02]} {[%emt 00:00:17]} 6. Re1
{[%clk 01:32:42]} {[%emt 00:48:47]} b5 {[%clk 01:30:32]} 7. Bb3 {[%clk
01:33:06]} O-O {[%clk 01:30:39]} 8. c3 {[%clk 01:33:31]} d6 {[%clk 01:29:19]}
9. h3 {[%clk 01:33:40]} Na5 {[%clk 01:29:26]} 10. Bc2 {[%clk 01:34:03]} c5
{[%clk 01:29:51]} 11. d4 {[%clk 01:33:04]} Nc6 {[%clk 01:28:26]} 12. Bg5 {[%clk
01:30:29]} {[%emt 00:00:03]} Qb6 {[%clk 01:26:12]} 13. dxe5 {[%clk 01:29:53]}
dxe5 {[%clk 01:26:13]} 14. Nbd2 {[%clk 01:30:06]} {[%emt 00:00:03]} Be6 {[%clk
01:24:46]} 15. Nf1 {[%clk 01:29:55]} Rfd8 {[%clk 01:23:39]} 16. Qc1 {[%clk
01:30:12]} b4 {[%clk 01:21:07]} 17. cxb4 {[%clk 01:22:31]} cxb4 {[%clk
01:19:26]} 18. Bb3 {[%clk 01:20:39]} {[%emt 00:02:21]} Bxb3 {[%clk 01:13:05]}
19. axb3 {[%clk 01:20:53]} Rac8 {[%clk 01:09:30]} 20. Qe3 {[%clk 01:15:38]}
{[%emt 00:01:32]} Qb5 {[%clk 00:59:30]} {[%emt 00:37:57]} 21. Red1 {[%clk
01:14:19]} a5 {[%clk 00:58:34]} 22. Rac1 {[%clk 01:13:36]} h6 {[%clk 00:53:07]}
23. Bh4 {[%clk 01:13:27]} a4 {[%clk 00:49:34]} 24. bxa4 {[%clk 01:13:04]} Qxa4
{[%clk 00:47:44]} 25. Rxd8+ {[%clk 01:13:18]} {[%emt 00:00:05]} Rxd8 {[%clk
00:46:30]} 26. g4 {[%clk 00:57:39]} {[%emt 00:13:26]} Rd1 {[%clk 00:40:08]}
{[%emt 00:14:14]} 27. b3 {[%clk 00:53:59]} Rxf1+ {[%clk 00:34:44]} 28. Kxf1
{[%clk 00:53:15]} Qb5+ {[%clk 00:33:10]} {[%emt 00:01:27]} 29. Kg2 {[%clk
00:52:11]} {[%emt 00:28:48]} Qa6 {[%clk 00:27:08]} 30. Bxf6 {[%clk 00:31:57]}
Bxf6 {[%clk 00:26:51]} {[%emt 00:00:47]} 31. Qc5 {[%clk 00:32:19]} {[%emt
00:00:18]} Ne7 {[%clk 00:22:49]} {[%emt 00:05:41]} 32. Qxb4 {[%clk 00:31:37]}
Ng6 {[%clk 00:22:53]} {[%emt 00:00:20]} 33. Qc4 {[%clk 00:31:34]} {[%emt
00:00:38]} Nf4+ {[%clk 00:21:54]} {[%emt 00:02:03]} 34. Kh2 {[%clk 00:31:51]}
Qa7 {[%clk 00:21:30]} {[%emt 00:00:26]} 35. Rf1 {[%clk 00:31:40]} {[%emt
00:00:52]} h5 {[%clk 00:21:04]} {[%emt 00:00:46]} 36. Qc8+ {[%clk 00:29:49]}
{[%emt 00:02:42]} Kh7 {[%clk 00:21:06]} {[%emt 00:00:14]} 37. Qf5+ {[%clk
00:29:04]} {[%emt 00:01:08]} Kg8 {[%clk 00:21:06]} {[%emt 00:00:30]} 38. g5
{[%clk 00:29:28]} {[%emt 00:00:21]} Qa6 {[%clk 00:19:15]} {[%emt 00:02:33]} 39.
Re1 {[%clk 00:27:12]} {[%emt 00:02:26]} Qb6 {[%clk 00:18:56]} {[%emt 00:04:23]}
40. Qc8+ {[%clk 00:26:53]} Kh7 {[%clk 00:19:17]} 41. Qc2 {[%clk 00:27:15]} Qe6
{[%clk 00:19:25]} 42. Ng1 {[%clk 00:27:18]} Bxg5 {[%clk 00:19:28]} 43. Qc3
{[%clk 00:26:15]} {[%emt 00:00:35]} Qb6 {[%clk 00:18:06]} {[%emt 00:06:02]} 44.
Qg3 {[%clk 00:24:21]} Nd3 {[%clk 00:16:28]} 45. Re2 {[%clk 00:24:10]} {[%emt
00:03:01]} Bf4 {[%clk 00:16:52]} 0-1

[Event "DVM U12 2020"]
[Site "Magdeburg GER"]
[Date "2021.08.06"]
[Round "3"]
[White "von Knorre, Christoph"]
[Black "Dammasch, Marlon"]
[Result "0-1"]
[Termination "normal"]
[Board "8.3"]
[WhiteElo "1101"]
[BlackElo "860"]
[WhiteClock "01:32:34"]
[BlackClock "01:30:54"]
[WhiteTeam "VSG 1880 Offenbach"]
[BlackTeam "SV Vimbuch"]
[PlyCount "77"]
[WhiteFideId "34608109"]
[BlackFideId "34608346"]
[EventCountry "GER"]
[EventRounds "7"]
[EventType "team-swiss"]
[EventDate "2021.08.04"]

1. e4 {[%clk 01:30:58]} e5 {[%clk 01:30:54]} {[%emt 00:00:04]} 2. Nf3 {[%clk
01:31:18]} Nc6 {[%clk 01:31:15]} 3. Bc4 {[%clk 01:31:41]} Bc5 {[%clk 01:31:35]}
4. c3 {[%clk 01:32:03]} Nf6 {[%clk 01:31:33]} {[%emt 00:00:05]} 5. d4 {[%clk
01:32:14]} {[%emt 00:00:11]} exd4 {[%clk 01:31:48]} {[%emt 00:00:14]} 6. e5
{[%clk 01:32:27]} {[%emt 00:10:44]} Ng4 {[%clk 01:31:11]} 7. cxd4 {[%clk
01:32:18]} Bb4+ {[%clk 01:31:00]} 8. Bd2 {[%clk 01:32:34]} {[%emt 00:00:04]}
Bxd2+ {[%clk 01:30:54]} 9. Nbxd2 {[%clk 01:32:50]} {[%emt 00:58:28]} d5 {[%clk
01:30:45]} 10. exd6 {[%clk 01:32:56]} cxd6 {[%clk 01:30:46]} 11. Qb3 {[%clk
01:32:30]} {[%emt 00:00:05]} Qe7+ {[%clk 01:30:54]} 12. Be2 {[%clk 01:32:34]}
Be6 13. d5 Bxd5 14. Qxd5 Nb4 15. Qb5+ Nc6 16. O-O a6 17. Qc4 Nf6 18. Rfe1 O-O
19. Qh4 Qd7 20. Bd3 Ne5 21. Nxe5 dxe5 22. Rxe5 Qxd3 23. Nf3 Rfe8 24. Rae1 h6
25. h3 Rxe5 26. Nxe5 Qb5 27. Qc4 Qxc4 28. Nxc4 Rc8 29. b3 Nd5 30. Rd1 Nc3 31.
Rd7 b5 32. Ne3 Nxa2 33. Ra7 Nb4 34. Nf5 Rc3 35. Nd4 Rd3 36. Rd7 Nc6 37. Rd6
Nxd4 38. b4 Ne2+ 39. Kf1 0-1

[Event "DVM U12 2020"]
[Site "Magdeburg GER"]
[Date "2021.08.06"]
[Round "3"]
[White "Puchas, Tobias"]
[Black "Hentschker, Merlin"]
[Result "0-1"]
[Termination "normal"]
[Board "8.4"]
[WhiteElo "1011"]
[BlackElo "1060"]
[WhiteClock "01:31:22"]
[BlackClock "01:30:53"]
[WhiteTeam "SV Vimbuch"]
[BlackTeam "VSG 1880 Offenbach"]
[PlyCount "52"]
[WhiteFideId "16280440"]
[BlackFideId "16294483"]
[EventCountry "GER"]
[EventRounds "7"]
[EventType "team-swiss"]
[EventDate "2021.08.04"]

1. e4 {[%clk 01:30:54]} e5 {[%clk 01:30:36]} 2. Nf3 {[%clk 01:31:06]} Nc6
{[%clk 01:30:53]} 3. d4 {[%clk 01:31:22]} exd4 {[%clk 01:30:53]} 4. Bc4 {[%clk
01:31:22]} Nf6 {[%clk 01:30:53]} 5. e5 {[%clk 01:31:22]} Ne4 {[%clk 01:30:53]}
6. Nxd4 {[%clk 01:31:22]} d5 {[%clk 01:30:53]} 7. Bb5 {[%clk 01:31:22]} Bc5
{[%clk 01:30:53]} 8. O-O {[%clk 01:31:22]} O-O {[%clk 01:30:53]} 9. Bxc6 {[%clk
01:31:22]} bxc6 {[%clk 01:30:53]} 10. Nxc6 {[%clk 01:31:22]} Qd7 {[%clk
01:30:53]} 11. Nd4 {[%clk 01:31:22]} Bb6 {[%clk 01:30:53]} 12. Re1 {[%clk
01:31:22]} c5 {[%clk 01:30:53]} 13. Nf3 {[%clk 01:31:22]} Ba5 {[%clk 01:30:53]}
14. Bd2 {[%clk 01:31:22]} Nxd2 {[%clk 01:30:53]} 15. Nfxd2 {[%clk 01:31:22]}
Re8 {[%clk 01:30:53]} 16. Nc3 {[%clk 01:31:22]} d4 {[%clk 01:30:53]} 17. Nce4
{[%clk 01:31:22]} Rxe5 {[%clk 01:30:53]} 18. b4 {[%clk 01:31:22]} Bxb4 {[%clk
01:30:53]} 19. a3 {[%clk 01:31:22]} Bc3 {[%clk 01:30:53]} 20. Nxc3 {[%clk
01:31:22]} Rxe1+ {[%clk 01:30:53]} 21. Qxe1 {[%clk 01:31:22]} dxc3 {[%clk
01:30:53]} 22. Nc4 {[%clk 01:31:22]} Ba6 {[%clk 01:30:53]} 23. Rd1 {[%clk
01:31:22]} Re8 {[%clk 01:30:53]} 24. Ne3 {[%clk 01:31:22]} Qe6 {[%clk
01:30:53]} 25. f4 {[%clk 01:31:22]} h6 {[%clk 01:30:53]} 26. Nf1 {[%clk
01:31:22]} Qxe1 {[%clk 01:30:53]} 0-1